ゴッドフィールドの神器 - Statistics

General Stats
  • This quiz has been taken 19 times
  • The average score is 69 of 252
Answer Stats
効果 価値(¥) 解答 % Correct
取引
自分のステータスを 振り直す
(HP1=MP1=¥1)
5 両替
90%
取引 任意の神器を他人に売りつける 5 売る
90%
取引 他人の神器をランダムで購入する 5 買う
90%
武器 攻1 1 銅のこん棒
80%
武器 攻1 10 銀のこん棒
80%
武器 攻1 25 金のこん棒
80%
武器 攻2 1 ムチ
80%
武器 攻30 30 神の剣
70%
武器 +攻1 1 吹き矢
60%
武器 攻3※二回攻撃する 10 のこぶんぶん
60%
武器 攻8 3 ファイナル牙
60%
奇跡 闇攻5 5
60%
奇跡 風邪 6
60%
奇跡 6
60%
奇跡 25%光攻1※ダメージで閃光 3 閃光
60%
武器 攻13 or 奇跡を止める 15 エンゼルソード
50%
武器 闇攻1 10 ちくりんちょ
50%
雑貨 「あぶないキネ」から99ダメージ 1 あぶないウス
50%
奇跡 水攻4 2
50%
奇跡 光攻10※HPを吸収する 10 吸収
50%
奇跡 水攻25 12
50%
奇跡 3
50%
奇跡 暗雲 5 暗雲
50%
奇跡 攻撃力を倍にする 6 オーラ
50%
武器 +攻2 2 クロスボウ
40%
武器 攻3 1 パンチ
40%
武器 攻4 2 ハチェット
40%
武器 攻6 2 硬いつち
40%
武器 攻7 3 なぎなたクラシック
40%
武器 攻9 3 パワーハルベルト
40%
武器 攻9 or奇跡を止める 15 エンゼルナイフ
40%
武器 攻10 or 守10 15 ソードシールド
40%
武器 攻11 4 グラビティメイス
40%
武器 攻13 or 守1 3 伝説の剣のさや
40%
武器 攻14 5 暴れフレイル
40%
武器 攻15 5 ドラゴンクロウ
40%
武器 攻{MP×2}※MPを全て消費 10 マジカルステッキ
40%
武器 火攻1 1 たいまつ
40%
武器 水攻1 1 つらら
40%
武器 木攻1 1 木刀
40%
武器 闇攻4 10 さよならの剣
40%
武器 誰かに光攻30 5 あぶないキネ
40%
防具 守1 1 革の帽子
40%
防具 守2 2 革の服
40%
防具 守30 30 神の盾
40%
防具 反撃75%火攻{ダメージ} 10 火星の指輪
40%
防具 反撃霧 10 水星の指輪
40%
防具 反撃夢 10 木星の指輪
40%
防具 反撃土攻{ダメージ×2} 10 土星の指輪
40%
防具 反撃¥{ダメージ} 没収 10 金星の指輪
40%
防具 何でもはね返す 10 スーパーミラー
40%
雑貨 +HP5 1 スマイルのしずく
40%
雑貨 +MP5 1 スマイルの花
40%
雑貨 +MP20・天国病 20 天国草
40%
雑貨 風邪・熱病・霧・閃光の災いを払う 5 スマイルの貝がら
40%
奇跡 木攻6 3 大木
40%
奇跡 土攻8 4
40%
奇跡 火攻10 5
40%
奇跡 75%火攻15 10 マグマ
40%
奇跡 75%水攻30 30 氷河期
40%
奇跡 無属性武器を止める 6
40%
奇跡 +HP10 7
40%
悪魔 10ダメージ 小悪魔
40%
悪魔 20ダメージ 中悪魔
40%
悪魔 30ダメージ 大悪魔
40%
武器 攻2・守6 10 セイバーロッド
30%
武器 +攻3 3 ブーメラン
30%
武器 攻4・守2 3 とげベルト
30%
武器 攻5 2 鎖ガマ
30%
武器 攻5 or無属性武器を弾く 10 乱弾武剣
30%
武器 攻7※HPを吸収する 10 ゴーストソード
30%
武器 攻8※ダメージで地獄病 15 地獄のハサミ
30%
武器 攻9※ダメージで風邪 10 疾風剣
30%
武器 +攻9 or奇跡を弾く 5 スカイハープーン
30%
武器 攻10 4 ワンダーソード
30%
武器 攻10※ダメージで夢 10 いんちきスピア
30%
武器 攻10 or無属性武器をはね返す 5 反射剣
30%
武器 +攻11 10 恐怖の車輪
30%
武器 攻12 4 もろぶっこみアクス
30%
武器 攻12※HPを吸収する 15 リアルゴーストソード
30%
武器 攻13※ダメージで風邪 15 激烈疾風剣
30%
武器 攻15 or 奇跡を止める 15 エンゼルアクス
30%
武器 火攻2 2 あちちナイフ
30%
武器 +火攻2※火属性に染める 15 発火のワンド
30%
武器 土攻2 2 つるぎ焼き
30%
武器 光攻2※ダメージで閃光 15 フラッシュダガー
30%
武器 光攻3 3 スタースタッフ
30%
武器 +土攻5 10 旧石器ジャベリン
30%
武器 +闇攻5 15 冥矢
30%
武器 光攻9 15 聖剣
30%
武器 闇攻10 20 死神のカマ
30%
武器 50%水攻3※ダメージで霧 8 霧の扇
30%
武器 75%光攻6 10 光のオーブ
30%
武器 (通常時)25%光攻1(昇天時)75%光攻30 10 昇天弓
30%
防具 守9 9 はがねのよろい
30%
防具 守9 or +攻15(他武器と併用) 20 鬼のよろい
30%
防具 守13 or 奇跡を止める 15 エンゼルシールド
30%
防具 攻撃の属性をこし取る 15 虹のカーテン
30%
雑貨 +HP10 3 ハートのしずく
30%
雑貨 +HP20 20 天の川のおいしい水
30%
雑貨 +MP15 5 ロマンスの香木
30%
雑貨 全ての災いを払う 15 ハートの貝がら
30%
雑貨 +HP10 または10ダメージ 1 ドキドキ涙
30%
雑貨 +攻10(他武器と併用) 15 ちからの粉
30%
雑貨 消費無しで奇跡を使用 5 精霊のぬいぐるみ
30%
雑貨 超常現象を起こす 3 運命のひも
30%
雑貨 HP0になると+HP10 10 太陽のお守り
30%
奇跡 +火攻2 2 火の玉
30%
奇跡 +光攻10 7 流星
30%
奇跡 天国病 15 天国風
30%
奇跡 50%土攻12 6 土石流
30%
奇跡 全ての敵に攻撃する 5 蜃気楼
30%
奇跡 奇跡を弾く 5 乱気流
30%
奇跡 全ての災いを払う 5 歌声
30%
奇跡 守護神が宿る 15 解放
30%
悪魔 神器・起こした奇跡を2個盗む イタズラマン
30%
悪魔 +HP10 or +MP10 or +¥10 めぐみの妖精
30%
超常現象 75%闇攻30 ブラックホール
30%
武器 +攻4 4 バトルボール
20%
武器 攻5 or 守7 3 打撃の鉄板
20%
武器 +攻5 5 戦士の弓
20%
武器 攻6 or 守3 3 エルボーサック
20%
武器 +攻6 6 ジェットヨーヨー
20%
武器 +攻7 7 未知の羽根
20%
武器 +攻8 8 サイキックカード
20%
武器 攻10 or 奇跡をはね返す 10 月光のオノ
20%
武器 攻11※ダメージで暗雲 15 六角凶
20%
武器 攻12 or消費無しで奇跡を使用 20 精霊の杖
20%
武器 攻13 5 絶景のヤリ
20%
武器 +攻13 10 独楽コンバット
20%
武器 攻14※使用者に同じダメージ 1 邪神の大剣
20%
武器 +攻15 or 奇跡を止める 15 エンゼルの弓
20%
武器 土攻1※ダメージで風邪 10 風のカギ爪
20%
武器 +光攻1 10 輝きのカケラ
20%
武器 木攻2 2 いばらのムチ
20%
武器 +木攻2 4 葉っぱ手裏剣
20%
武器 水攻3※ダメージで霧 10 霧鉄砲
20%
武器 闇攻3 10 コブラ
20%
武器 火攻4 or 火守4 8 ほむら巻き
20%
武器 +水攻5※水属性に染める 15 魔水のワンド
20%
武器 土攻13 25 ダイヤモンドソード
20%
武器 75%火攻1 2 火の粉袋
20%
武器 50%闇攻2 8 シャドウハンド
20%
武器 75%土攻3※HPを吸収する 10 つるシュート
20%
武器 25%光攻3 2 イナヅマキッズ
20%
武器 75%火攻4 6 火炎杯
20%
武器 75%木攻4 6 植物杯
20%
武器 75%土攻4 6 岩石杯
20%
武器 25%土攻6 4 ガケッツチ
20%
武器 50%水攻9 9 雨神刀
20%
武器 50%火攻10 10 フレアアクス
20%
武器 25%土攻20 15 プチサターン
20%
防具 守1 or奇跡を弾く 5 スカイブーツ
20%
防具 水守1 2 アクアシューズ
20%
防具 守3 3 アイアンガントレット
20%
防具 守4 4 アイアンシールド
20%
防具 守5 5 アイアンアーマー
20%
防具 守5 or +攻10(他武器と併用) 15 鬼の小手
20%
防具 守5 or 奇跡を弾く 5 スカイヘルム
20%
防具 火守5 10 フレイムシールド
20%
防具 水守5 10 アイスシールド
20%
防具 火守6 10 フレイムアーマー
20%
防具 水守6 10 アイスアーマー
20%
防具 光守6 15 ぴかぴかハイヒール
20%
防具 守7 7 はがねのかぶと
20%
防具 守7 or +攻10(他武器と併用) 15 鬼のかぶと
20%
防具 守8 8 はがねの盾
20%
防具 守8 or奇跡をはね返す 10 月光のかぶと
20%
防具 守9 or 奇跡を弾く 5 スカイアーマー
20%
防具 守10 10 エナジーヘルム
20%
防具 守10 or 奇跡をはね返す 10 月光の盾
20%
防具 守11 10 エナジーアーマー
20%
防具 守12 10 コアバリヤー
20%
防具 木守14※使用者に夢と神器一新 15 夢見る帽子
20%
防具 反撃閃光 10 天王の指輪
20%
防具 反撃暗雲 10 冥王の指輪
20%
防具 反撃+MP{ダメージ×2} 10 海王の指輪
20%
雑貨 +HP15 5 ロマンスウォーター
20%
雑貨 +MP10 3 ハートの花
20%
雑貨 守護神が宿る 15 守護封印のつぼ
20%
雑貨 神器を3個掃き飛ばす 10 夜空のホウキ
20%
奇跡 75%火攻5 4
20%
奇跡 75%水攻8 6 雪崩
20%
奇跡 25%光攻10 4
20%
奇跡 +¥10 5 財宝
20%
奇跡 風邪・熱病・霧・閃光の災いを払う 2 音色
20%
超常現象 みんなに熱病 夕焼け
20%
超常現象 みんなに霧 濃霧
20%
超常現象 みんなが3回ずつ勝手に行動する きのこ大発生
20%
超常現象 みんなのHPが1になる 竜巻
20%
超常現象 +HP50 暖流
20%
超常現象 みんなの金が誰かに集まる 金山
20%
超常現象 みんなに守護神が宿る 日食
20%
武器 火攻3 3 燃えムチ
10%
武器 木攻3 3 いがナッツ
10%
武器 +木攻3 6 熟成ゴムの弓
10%
武器 +火攻4 8 ファイヤークロスボウ
10%
武器 水攻4 4 氷結ハンマー
10%
武器 木攻4※ダメージで夢 15 夢の木づち
10%
武器 火攻5 5 ブレイズブレイド
10%
武器 光攻5 5 ジャスティスランス
10%
武器 闇攻5 10 キラーフォーク
10%
武器 +土攻7 10 新石器トマホーク
10%
武器 火攻8 10 火竜一角
10%
武器 水攻8 10 水竜一角
10%
武器 75%水攻4 6 冷気杯
10%
武器 50%水攻5 5 特大雪玉
10%
武器 75%火攻7 10 烈火シャワー
10%
武器 75%木攻8 or 木守6 15 魔神の木馬
10%
防具 木守1 2 草かんむり
10%
防具 土守1 2 石版
10%
防具 火守2 4 火花の手袋
10%
防具 水守2 4 アクアグローブ
10%
防具 土守2 4 木の盾
10%
防具 土守2 4 岩盤
10%
防具 守3 or+攻5(他武器と併用) 10 鬼のくつ
10%
防具 守3 or奇跡を弾く 5 スカイガントレット
10%
防具 火守3 6 フレイムブーツ
10%
防具 水守3 6 アイスブーツ
10%
防具 木守3 6 御神木の小手
10%
防具 土守3 6 結晶板
10%
防具 火守4 8 フレイムヘルム
10%
防具 水守4 8 アイスヘルム
10%
防具 木守4 8 林の盾
10%
防具 土守4 8 大地のくつ
10%
防具 木守5 10 樹脂で編んだ法衣
10%
防具 土守5 10 大地の小手
10%
防具 守6 6 はがねの小手
10%
防具 守6 or 消費無しで奇跡を使用 20 精霊の足袋
10%
防具 木守6 10 森の盾
10%
防具 土守6 10 大地のかぶと
10%
防具 守7 or 奇跡を弾く 5 スカイシールド
10%
防具 火守7 10 バーニングシールド
10%
防具 水守7 10 スノーミトン
10%
防具 守8 20 美しいガラス細工
10%
防具 火守8 10 バーニングジャケット
10%
防具 水守8 10 スノーマスク
10%
防具 木守8 10 コハクの胸当て
10%
防具 土守8 10 大地のよろい
10%
防具 守9 or 消費無しで奇跡を使用 20 精霊の頭巾
10%
防具 守9 or 奇跡を止める 15 エンゼルの小手
10%
防具 火守10※使用者に熱病 10 熱狂仮面
10%
防具 光守10 15 きらきらドレス
10%
防具 守11 or 奇跡を止める 15 エンゼルの帽子
10%
防具 守12 or 消費無しで奇跡を使用 20 精霊の帯
10%
防具 守12 or 奇跡をはね返す 10 月光のよろい
10%
防具 火守12 15 陽炎のよろい
10%
防具 守13 10 コアプロテクター
10%
防具 守15 or 奇跡を止める 15 エンゼルアーマー
10%
雑貨 起こした奇跡を2個洗い流す 10 女神の石けん
10%
超常現象 誰かに光攻50 巨大なタライ
10%
超常現象 みんなの神器が無作為に入れ替わる 磁気嵐
10%
No matching quizzes found
Score Distribution
Percent of People with Each Score
Percentile by Number Answered
Your Score History
You have not taken this quiz